00595 2200217 4500001002100000005001500021035002000036007000300056008004100059020002300100082001100123084001700134100001600151245009100167250001000258260003700268300002800305650002000333990001100353990001300364INLIS00000000000083420171025124040 a0010-1017000388ta171025 0  a978-979-024-0264-7 a297.67 a297.67 FAT k1 aFathi Fawzi1 aKeluarga Perempuan Rasulullah :bBiografi Para Ibu,Istri dan Putri Nabi /cFathi Fawzi aCet.1 aJakarta :bpenerbit Zaman,c2011 a430 hlm ;c13 x 20,5 cm aBiografi Wanita a13 548 a13 548 a